000 00983nam a2200313 a 4500
001 000012416
003 DO-SdBPM
005 20250627072341.0
007 ta
008 091112s2001 dr 000 j spa d
020 _a9993402079
040 _aDO-SdBPM
_bspa
_cBPMSU
_drda
082 4 _aRD863.44
_bJ86r 2001
_222
100 1 _aJovine Bermúdez, Federico,
_d1944-2017
_eautor
100 z _aBermúdez, Federico Jovine,
_d1944-2017
245 1 0 _aRompan fila y viva el jefe /
_cFederico Jóvine Bermúdez.
264 _aSanto Domingo :
_bEditora de Colores,
_c2001.
300 _a105 págianas. ;
_c21 cm.
336 _atexto
_btxt
_2rdacontent
337 _asin mediación
_bn
_2rdamedia
338 _avolumen
_bnc
_2rdacarrier
590 _aInventariado, 2025/VM
650 7 _aCuentos dominicanos
650 7 _aLiteratura dominicana.
650 z _aShort stories, Dominican
650 z _aDominican literature
910 _aVMateo V. Control de calidad. BPMSU
942 _2ddc
_cBK
999 _c15232
_d15232